000 01854cam a22004694i 4500
003 PE-LiUPU
005 20250731173444.0
008 150616s1986 sp r 000 0 spa d
020 _a8425414865
035 _a(Sirsi) i9788425414862
040 _aPE-LiUPU
_bspa
_cPE-LiUPU
_erda
049 _aPRUA
082 0 4 _a294.34
_bP21
_221
100 1 _aPallis, Marco,
_eautor.
245 1 0 _aEspectro luminoso del budismo /
_cMarco Pallis ; [versión castellana de Esteve Serra].
264 1 _aBarcelona :
_bEditorial Herder,
_c1986.
300 _a200 páginas ;
_c22 centímetros.
336 _atext
_2rdacontent
337 _aunmediated
_2rdamedia
338 _avolume
_2rdacarrier
490 0 _aRota Mvndi ;
_v6
505 0 _aVivir el propio Karma -- El matrimonio de la sabiduría y el método -- ¿Existe un problema del mal? -- ¿Cabe la gracia en el budismo? -- Consideraciones sobre la alquimia tántrica -- Nembutsu como recuerdo -- El dharma y los dhrarmas -- Metafísica de la polifonía musical -- Anatta -- Los arquetipos, considerados desde el budismo.
526 _aSEG42
526 _aSEG41
526 _aSEG40
526 _aSEG39
526 _aP94
526 _aP87
526 _aP86
526 _aP85
526 _aP77
526 _aP76
526 _aP35
650 0 4 _aBudismo.
910 _ajck
_bjvq
_cjck
942 _2ddc
_cBOOK
949 _a294.34 P21
_wDEWEY
_c1
_i27793
_d2016-5-16
_e2016-5-16
_lCCODEBUL1
_mBUL
_n1
_r0
_sY
_tBOOK
_u2015-6-16
_xTEOLOGIA
_zUNKNOWN
_0COMPRA
_o.STAFF. Colección General
994 _aC0
_bPEPRU
596 _a1
999 _a294.34 P21
_wDEWEY
_c56910
_i27793
_d56910
_e2017-7-12
_f2021-11-12
_g5
_lCCODEBUL1
_mBUL
_n2
_p15.00
_r0
_sY
_tBOOK
_u2015-6-16
_xTEOLOGIA
_PP35
_0COMPRA
_o.STAFF. Colección Teología
980 _81
_gALBERTO SANCHEZ Responsable de Automatización